| 000 | 00940nac a22002651i 4500 | ||
|---|---|---|---|
| 003 | EG-ScBUE | ||
| 005 | 20250817100717.0 | ||
| 008 | 250817s1995 enka f b 001 0 eng d | ||
| 020 | _a0582218632 | ||
| 020 | _a9780582218635 | ||
| 040 |
_aEG-ScBUE _beng _erda _cEG-ScBUE _dEG-ScBUE |
||
| 082 | 0 | 4 |
_a547.13 _bISA _222 |
| 100 | 1 |
_aIsaacs, Neil S., _eauthor. |
|
| 245 | 1 | 0 |
_aPhysical organic chemistry / _cNeil S. Isaacs, senior lecturer in chemistry, University of Reading. |
| 250 | _aSecond edition. | ||
| 264 | 1 |
_aBurnt Mill, Harlow, Essex, England : _bLongman Scientific & Technical, _c1995. |
|
| 300 |
_axxxiv, 877 pages : _billustrations ; _c25 cm |
||
| 336 |
_2rdacontent _atext _btxt |
||
| 337 |
_aunmediated _2rdamedia _bn |
||
| 338 |
_avolume _bnc _2rdacarrier |
||
| 504 | _aIncludes bibliographical references and index. | ||
| 650 | 7 |
_aChemistry, Physical organic. _2BUEsh |
|
| 655 | _vReading book | ||
| 942 |
_cBB _2ddc |
||
| 999 |
_c2651 _d2651 |
||